| 000 | 00656cam a22002411 4500 | ||
|---|---|---|---|
| 001 | sa 66000670 | ||
| 003 | DLC | ||
| 005 | 20260227112216.0 | ||
| 008 | 850306s1965 pk b 000 0 eng | ||
| 010 | _asa 66000670 | ||
| 025 | _aPL480:P-E-850 | ||
| 035 | _a(OCoLC)11769245 | ||
| 040 |
_aDLC _cCSdS _dDLC |
||
| 042 | _apremarc | ||
| 050 | 0 | 0 |
_aHC499 _b.B7 |
| 100 | 1 |
_aBrelvi, Mahmud, _d1908- |
|
| 245 | 1 | 0 | _aEconomic conditions in the Muslim world. |
| 260 |
_a[Karachi, _c1965] |
||
| 300 |
_a70 p. _c19 cm. |
||
| 500 | _aCover title. | ||
| 504 | _a"Literary works of Mahmud Brelvi": p. 69-70. | ||
| 651 | 0 |
_aIslamic countries _xEconomic conditions. |
|
| 999 |
_c67380 _d67380 |
||